[Event "ISR-chT"]
[Site "Israel"]
[Date "1999.05.07"]
[Round "11"]
[White "Shmuter, Leonid"]
[Black "Tsesarsky, Ilya"]
[Result "1/2-1/2"]
[WhiteElo "2505"]
[BlackElo "2430"]
[Annotator "Tsesarsky,I"]
[PlyCount "81"]
[EventDate "1999.01.??"]
[EventType "team"]
[EventRounds "11"]
[EventCountry "ISR"]
[SourceTitle "CBM 071"]
[Source "ChessBase"]
[SourceDate "1999.08.01"]
[SourceVersion "1"]
[SourceVersionDate "1999.08.01"]
[SourceQuality "1"]

{[%mdl 8]} 1. e4 c5 2. Nf3 Nc6 (2... e6 3. d4 cxd4 4. Nxd4 Nf6 5. Nc3 Nc6 6.
Ndb5 d6 7. Bf4 e5 8. Bg5 a6 9. Na3 b5 10. Nd5 Be7 11. Bxf6 Bxf6 12. c3 Ne7 13.
Nxf6+ gxf6 14. Nc2 Bb7 15. Bd3 d5 16. exd5 Qxd5 17. Ne3 Qe6 18. Qh5 O-O-O 19.
Bc2 Kb8 $2 (19... f5 20. Nxf5 (20. Rd1 f4 21. Rxd8+ Rxd8 22. Nf5 Ng6 23. O-O
Qxa2 24. Qxh7 Kb8 25. Nh6 Qd5 26. f3 Qc5+ 27. Kh1 Rd2 28. Nxf7 Rxc2 29. Qxg6
Qf2 30. Rg1 Bxf3 31. Nxe5 Bb7 $11 {1/2-1/2 Shabalov,A-Sermek,D/Nova Gorica SLO
1999 (40)}) 20... Ng6 (20... Kb8 21. Ne3 Ng6 22. Rd1 Nf4 23. Qf5 Qxf5 24. Bxf5
Rxd1+ 25. Kxd1 Bxg2 (25... Nxg2 26. Nxg2 Bxg2 27. Rg1 Bd5 $14) 26. Nxg2 Nxg2
27. Rg1 Nh4 28. Bc2 Ng6 $132 {1/2-1/2 Leko,P-Nijboer,F/Ter Apel 1996 (62)}) 21.
Ne3 Nf4 $1 (21... Kc7 22. Bb3 (22. Qf5 Qe7 23. Bb3 Nf4 24. Rd1 f6 (24... Bxg2
25. Rg1 Bh3 26. Qxf7 Qxf7 27. Bxf7 Nd3+ 28. Rxd3 Rxd3 29. Rg3 $16) 25. O-O Qg7
26. f3 Rxd1 27. Bxd1 Rd8 28. Bc2 $14 {0-1 Sindik,E-Sermek,D/CRO-chT Makarska
Tucepi ,EXT 1995 (56)}) 22... Qe7 23. O-O $16)) 20. Bb3 Nd5 21. O-O-O Nf4 22.
Rxd8+ (22. Bxe6 Nxh5 23. Bxf7 Nf4 24. f3 e4 {Zontakh,A-Manik,M/Hlohovec 1994/
Inf 60 (24)} 25. Rhf1 exf3 26. gxf3 Rhf8 27. Bb3 $14) (22. Qxf7 Qxf7 23. Bxf7
Be4 $15 (23... Nd3+ 24. Kc2 Nxf2 25. Rxd8+ Rxd8 26. Rf1 Be4+ 27. Kb3 Rd2 $15))
22... Rxd8 23. Qxh7 Qb6 24. Rd1 Rxd1+ 25. Bxd1 $16) 3. d4 cxd4 4. Nxd4 Nf6 5.
Nc3 e5 6. Ndb5 d6 7. Bg5 a6 8. Na3 b5 9. Nd5 Be7 10. Bxf6 Bxf6 11. c3 Ne7 12.
Nxf6+ gxf6 13. Nc2 Bb7 14. Bd3 d5 15. exd5 Qxd5 16. Ne3 Qe6 17. Qh5 O-O-O 18.
Bc2 f5 (18... Qb6 $2 19. Qg4+ (19. Bb3 $2 Nd5 $6 (19... Ng6 $1 20. O-O Nf4 21.
Qf5+ Kb8 22. Bxf7 (22. Rfd1 $2 Bxg2 23. Nxg2 Rhg8 24. Rxd8+ Qxd8 25. Kh1 Rxg2
26. Rf1 Qg8 $19) 22... Rd2 23. c4 Qxe3 24. fxe3 Rxg2+ 25. Kh1 Rg5+ 26. Bd5 Nxd5
27. cxd5 Bxd5+ 28. e4 Rxf5 29. exd5 Rxf1+ 30. Rxf1 Rf8 $19) 20. Nxd5 Bxd5 21.
Bxd5 Rxd5 22. Qxf7 Rd2 23. Kxd2 Qxf2+ 24. Kc1 Qe3+ $11) (19. Qxf7 $1 Ng6 20.
Bxg6 (20. Bf5+ Kb8 21. Qe6 Qxe6 22. Bxe6 Nf4 23. Bf5 Nxg2+ 24. Nxg2 Bxg2 25.
Rg1 Bf3 $11) 20... hxg6 21. Qxg6 (21. O-O f5 22. Rad1 (22. Kh1 Rd7 23. Qb3 Rdh7
$19) (22. Nxf5 gxf5 23. Qxf5+ Kb8 24. Qxe5+ Ka8 25. Rad1 Rdg8 26. g3 Rxh2 $19)
22... Qc6 (22... Kb8 23. Rfe1 Qc6 (23... f4 24. Ng4 Rxd1 25. Rxd1 Rd8 26. Rxd8+
Qxd8 27. h3 Qd2 28. Qxg6 Qxb2 29. Qd6+ $18) 24. c4 f4 25. cxb5 axb5 26. Rc1 $16
) 23. c4 (23. f3 Qb6 $19) 23... bxc4 24. Qxc4 Kb8 25. Qxc6 Bxc6 26. Rxd8+ Rxd8
27. Rd1 Rxd1+ 28. Nxd1 Kc7 29. b4 $16) (21. Rd1 Rxd1+ 22. Kxd1 Rd8+ 23. Kc1 f5
24. Rd1 Rxd1+ 25. Kxd1 Qd6+ 26. Kc1 f4 27. Ng4 $16) 21... Rhg8 22. Qf5+ Kb8 23.
Rg1 $1 $16 (23. O-O Qxe3 24. fxe3 Rxg2+ 25. Kh1 Rdd2 26. Rf3 Rxh2+ 27. Kg1
Rdg2+ 28. Kf1 Rxb2 29. Ke1 Rbe2+ 30. Kf1 (30. Kd1 Bxf3 31. Qxf3 Ref2 $19) 30...
Rb2 $11)) 19... Kb8 20. Be4 Ng6 21. g3 Nf4 22. Qf3 Nd3+ 23. Ke2 Bxe4 (23...
Nxb2 24. Bxb7 Qxb7 25. Qxf6 $132 {1/2-1/2 Eisen,D-Vehre,J/cr CCLA USA Master
Class Final 1989/ (36)}) 24. Qxe4 Nxb2 $17) (18... Kb8 19. Bb3 Nd5 (19... Qb6
20. Bxf7 (20. Qxf7 Ng6 21. Bd5 $16) 20... f5 21. Rd1 Rxd1+ 22. Qxd1 (22. Nxd1
Bxg2 23. Rg1 Be4 $15 {0-1 Hansen,S-Koc,P/MK Cafe Cup, Koszalin POL 1998/ (28)})
22... Rd8 23. Qh5 $16) 20. O-O-O Nf4 21. Bxe6 Nxh5 22. Bxf7 Nf4 23. f3 e4 24.
Rhf1 exf3 25. gxf3 Rxd1+ 26. Rxd1 Bxf3 27. Rd6 $16 {1/2-1/2 Zontakh,A-Manik,M/
Hlohovec 1994 (35)}) 19. Nxf5 Ng6 20. Ne3 Nf4 $1 $146 {=} 21. Qf5 Rhg8 (21...
Bxg2 22. Qxe6+ fxe6 23. Nxg2 Nxg2+ 24. Ke2 Nf4+ 25. Ke3 Ng2+ 26. Ke2 (26. Ke4
Rd2 $15) 26... Nf4+ $11) 22. Rg1 Nh3 $5 (22... Bxg2 $5 23. Qxe6+ fxe6 24. Bxh7
Rh8 25. Nxg2 Rxh7 26. Nxf4 exf4 27. a4 Kb7 $44) 23. Qxh7 (23. Rf1 $5 Bxg2 (
23... Rxg2 $1 24. Nxg2 (24. a4 Rxh2 25. axb5 axb5 26. Ra5 Qxf5 27. Bxf5+ Kc7
28. Rxb5 Ng5 $17) 24... Bxg2 25. Qxe6+ fxe6 26. Rd1 Rxd1+ 27. Bxd1 Kd7 28. a4
Kd6 29. axb5 axb5 30. Be2 Kc5 $11) 24. Nxg2 Rxg2 25. Qf3 $1 (25. a4 b4 (25...
Rxh2 26. axb5 axb5 27. Qf3 Qd5 28. Bf5+ Kc7 29. Qe3 Rd6 30. Be4 $18 (30. Bxh3
Rxh3 $15)) 26. cxb4 Nf4 27. Qxe6+ fxe6 28. Rh1 Rd4 29. b5 axb5 30. axb5 h5 $44)
25... Nf4 (25... Rg5 26. Qa8+ Kc7 27. Qa7+ Kc8 28. a4 e4 29. axb5 Rxb5 30. Rxa6
Qd5 31. Qa8+ $18) 26. Qa8+ Kc7 27. Qa7+ Kc8 28. Be4 Rd7 29. Qa8+ Kc7 30. Bxg2
Qd6 (30... Nd3+ 31. Kd2 $18 Nb4+ 32. Kc1 $18) 31. Qc6+ $16) 23... Rh8 (23...
Nxg1 24. Bf5 $18) (23... Ng5 24. Qxg8 $18) 24. Bf5 (24. Qg7 Rdg8 25. Qxg8+ Rxg8
26. Bf5 Nxg1 (26... Qxf5 27. Nxf5 Nxg1 28. Ne7+ $18) 27. Bxe6+ fxe6 28. Kf1
Bxg2+ (28... Nf3 29. gxf3 Bxf3 $44) 29. Nxg2 Nf3 $44) 24... Rxh7 25. Bxe6+ fxe6
26. gxh3 Bf3 $1 (26... Rxh3 27. Ng4 Rg8 28. Kf1 Bd5 29. Nxe5 Rf8 30. Ng4 Bf3
31. Re1 Bxg4 32. Rxg4 Rxh2 33. Rg2 $16) 27. a4 (27. Rg3 e4 28. a4 bxa4 29. Rxa4
Rhd7 30. Ra1 (30. Rd4 Rxd4 31. cxd4 Rxd4 $11) 30... Rd2 31. b4 Rb2 32. Nc4 Re2+
33. Kf1 Rc2 34. Ne3 Rxc3 $11) 27... bxa4 28. Rg3 $6 (28. Nc4 $5 Rh4 (28... e4
29. Nd2 Rxh3 30. Rxa4 Rxh2 31. Nxf3 (31. Rxa6 e3 $1 $19) 31... exf3 32. Rxa6
$16) 29. Rg3 Rxc4 (29... Rf4 30. Ne3 (30. Nxe5 Re4+ 31. Kf1 Be2+ 32. Kg2 Rxe5
$17) 30... Kc7 31. c4 Bc6 $14) 30. Rxf3 Rd5 31. Ke2 Rb5 32. Ra2 a3 33. bxa3 Rb3
34. Kd2 a5 35. a4 $16) 28... e4 29. Nc4 a3 $1 30. bxa3 Rc7 $2 $14 (30... Rd3
31. Nd2 Rxc3 32. Nxf3 exf3 $11) (30... Rdh8 $2 31. Rb1 Rxh3 32. Rg7 $18 {
[%csl Rc8]}) 31. Nd2 Rxc3 32. Nxe4 Rxa3 33. Rc1+ Kb8 (33... Kb7 34. Nd2 Rdd3
35. Rg7+ Kb8 36. Rb1+ Kc8 37. Nc4 (37. Nxf3 Rxf3 38. h4 Rh3 (38... Ra2 39. Rc1+
Kd8 40. Rd1+ Ke8 (40... Kc8 $11) 41. Rb1 Kf8 42. Rc7 Rf7 $11) 39. Rc1+ Kd8 40.
Rd1+ Kc8 41. Rg3 a5 42. Kf1 $16) 37... Ra2 $44) (33... Kd7 34. Nd2 Rf8 35. Rg7+
Kd8 36. Rb1 $18) 34. Ng5 Rf8 35. h4 Rf5 36. Kf1 $1 Rb3 (36... e5 37. h5 a5 38.
h6 $18) 37. Nxe6 (37. h5 $1 Bd5 38. Rxb3+ Bxb3 39. Rb1 (39. h4 Rf4 (39... a5 $1
40. h6 Rf6 41. h7 Rh6 42. Rc3 a4 43. Rf3 Kb7 44. Rf8 a3 $1 $11 (44... Rxh4 45.
h8=Q Rxh8 46. Rxh8 a3 47. Rh1 a2 48. Ke2 $18)) 40. Rb1 Rb4 41. h6 Bc4+ 42. Kg2
Rxb1 43. h7 $18) 39... Rxg5 40. Rxb3+ Kc7 41. Rh3 a5 42. h6 Rg8 43. h7 Rh8 44.
Ke2 Kd6 (44... a4 45. Kd2 Kd6 46. Kc3 Ke5 47. Kb4 Kf6 48. Kxa4 Kg6 49. Kb5 Rxh7
50. Rxh7 Kxh7 51. Kc5 Kg6 52. Kd6 $18) 45. Kd3 Kc5 $1 (45... Ke5 46. Kc4 Kf6
47. Kb5 Kg7 48. Ka4 (48. Kxa5 $4 Ra8+ 49. Kb6 Kh8 50. Kc6 Ra2 51. f3 Rd2 52.
Rh6 e5 53. Rh5 Rd3 54. Rf5 Kxh7 $11) 48... Rxh7 49. Rxh7+ Kxh7 50. Kxa5 Kg6 51.
Kb5 Kh5 52. Kc5 Kg4 53. Kd6 $18) 46. Ke4 a4 47. Ke5 Kb4 48. Kxe6 a3 $11) 37...
Rb4 38. h5 $6 (38. Rg5 Rfb5 39. Rg8+ Ka7 40. Rg3 Rb1 41. Re1 Bd5 42. Rge3 Bxe6
43. Rxe6 R1b4 $14) 38... Bxh5 39. Nc5 Rb2 40. Rb3+ Rxb3 41. Nxb3 1/2-1/2

[Event "Dov Porath Memorial"]
[Site "Givataim"]
[Date "1998.05.18"]
[Round "3"]
[White "Gruenfeld, Yehuda"]
[Black "Tsesarsky, Ilya"]
[Result "1/2-1/2"]
[WhiteElo "2465"]
[BlackElo "2425"]
[Annotator "Tsesarsky,I"]
[PlyCount "117"]
[EventDate "1998.05.10"]
[EventType "swiss"]
[EventRounds "7"]
[EventCountry "ISR"]
[SourceTitle "CBM 065"]
[Source "ChessBase"]
[SourceDate "1998.08.06"]
[SourceVersion "1"]
[SourceVersionDate "1998.08.06"]
[SourceQuality "1"]

1. e4 c5 2. Nf3 Nc6 (2... e6 3. d4 cxd4 4. Nxd4 Nf6 5. Nc3 Nc6 6. Ndb5 d6 7.
Bf4 e5 8. Bg5 a6 9. Bxf6 gxf6 10. Na3 b5 11. Nd5 f5 12. Bd3 Be6 13. Qh5 Bg7 14.
O-O f4 15. c4 bxc4 16. Bxc4 Nd4 (16... O-O 17. Rac1 Rb8 18. b3 Qd7 (18... Kh8
19. Rfd1 Qa5 20. Nb1 Qxa2 (20... Rbe8 $2 21. Rd3 $1 $16 {1:0 Grabics-Czebe/
Zalakaros/1995 (23)}) 21. Nbc3 Qa5 22. Ra1 Qd8 23. Rxa6 Nd4 $11) (18... Qa5 $1
$11) 19. Rfd1 Kh8 20. Qh4 f5 21. Nxf4 exf4 22. Bxe6 Qxe6 23. Rxc6 $16 {1/2:1/2
Fogarasi-Almasi,I/Zalakaros/1995 (33)}) 17. Rac1 f3 (17... Rc8 18. Bxa6 $16 {
1/2-1/2 Gurevich,V-Chekhov,V/Orel 1995 (29)} (18. b3 O-O 19. Nb1 f5 20. f3 Bf7
21. Qh3 $132 {Tiypsay,B-Shumiakina/Jakarta/1993}) (18. Rc3 O-O 19. Rfc1 Rxc4 $5
20. Nxc4 f5 21. Ncb6 Bf7 22. Qd1 fxe4 23. Rc8 Qg5 $44 {Danailov-Oms/Ibercaja/
1994})) 18. g3 O-O 19. Nc2 $16 {Grabics,M-Csoke,A/Budapest Zeus-W 1991/0-1 (61)
}) 3. d4 cxd4 4. Nxd4 Nf6 5. Nc3 e5 (5... e6 6. Ndb5 d6 7. Bf4 e5 8. Bg5 a6 9.
Na3 b5 10. Bxf6 gxf6 11. Nd5 f5 12. Bd3 Be6 13. O-O Bg7 14. Qh5 f4 15. c4 bxc4
16. Bxc4 Nd4 (16... O-O 17. Rac1 Rb8 18. b3 Qa5 19. Nb1 Kh8 (19... Qxa2) 20. a3
Qd8 21. Nxf4 exf4 22. Bxe6 fxe6 23. Rxc6 f3 $132 {0-1 Ernst,T-Timoshchenko,G/
Tallinn 1989 (30)}) 17. Rad1 $5 $146 (17. Rac1 {- 65/(176)}) 17... O-O 18. Rd2
Kh8 (18... f5 $5 19. Rxd4 $1 exd4 20. exf5 (20. Nxf4 $5 Bxc4 21. Nxc4 $14)
20... Bf7 (20... Rxf5 $6 21. Ne7+ Qxe7 22. Qxf5 $16) 21. Qg4 Kh8 22. Nxf4 d5
23. Bd3 $14) (18... Rc8 $2 19. Bxa6 $16) 19. Nc2 Rc8 $1 20. Nxd4 (20. b3 $6
Nxc2 21. Rxc2 Bxd5 22. exd5 f5 $15) 20... Rxc4 21. Nf5 $1 (21. Nxe6 fxe6 22.
Nc3 Rd4 $1 $10) 21... Rxe4 $8 22. Nde7 $5 (22. Nxg7 Kxg7 (22... Bxd5 $2 23. Qh6
$1) 23. Nc3 Rb4 24. Rfd1 $14) (22. Nc3 Bxf5 23. Qxf5 Rd4 $8 (23... Rb4 24. Ne4
$16) 24. Rxd4 exd4 25. Ne4 $14) 22... d5 $1 $132 {1-0 Almasi,Z-Horvath,T/
Deutschland 1996 (40)}) 6. Ndb5 d6 7. Bg5 a6 8. Na3 b5 9. Bxf6 gxf6 10. Nd5 f5
11. Bd3 (11. c3 $6 Bg7 12. Bd3 Be6 13. Qh5 f4 14. O-O O-O 15. c4 bxc4 16. Bxc4
Nd4 17. Rad1 Rb8 18. b3 f5 $132 {0-1 Liu Shilan-Arakhamia,K/Tuzla iztW 1987 
(36)}) 11... Be6 12. O-O Bg7 13. Qh5 f4 14. c4 bxc4 15. Bxc4 O-O (15... Rb8 16.
Nc7+ Qxc7 17. Bxe6 Nd4 18. Bd5 $2 (18. Rac1 Qa7 (18... Qe7 19. Rc8+ Rxc8 20.
Bxc8 $16) 19. Bg4 $16) 18... O-O (18... f3 19. gxf3 Ne2+ 20. Kh1 Nf4 21. Qg4
$18) 19. Nc4 Rb5 20. b3 (20. Rac1 f3 21. Rfe1 Ne2+ 22. Rxe2 fxe2 23. Qxe2 Rfb8
24. b3 $44) 20... Rxd5 21. exd5 Qc5 22. Rad1 Qxd5 $44 {1/2-1/2 Tilak,S-Wajih,N/
IND-ch 1994 (26)}) 16. Rad1 (16. Rfd1 Nd4 (16... Kh8 17. Rac1 Ne7 18. Nc7 Qxc7
19. Bxe6 Qb7 20. Bxf7 $16 (20. Bf5 $6 Nxf5 21. exf5 (21. Qxf5 Qxb2 22. Nc4 Qxa2
23. Nxd6 Qe6 $15) 21... e4 22. Nc4 d5 (22... e3 23. fxe3 d5 24. Qf3 $16) 23.
Nd6 (23. f6 $2 Bxf6 24. Rxd5 $132 {1/2-1/2 Sziva,E-Boronyak,A/HUN-BL 1991 (32)}
) 23... Qa7 24. Rxd5 e3 25. Qe2 $16)) 17. Rac1 f5 18. Nc7 Bxc4 19. Rxc4 fxe4
20. Nxa8 Qxa8 21. Nc2 Nf5 $44 {1/2-1/2 Leko,P-Siegmund,R/Nettetal 1991 (35)}) (
16. Rac1 Rb8 17. b3 Qa5 18. Nb1 (18. Bd3 Nb4 19. Nc4 Qd8 20. Nxb4 Rxb4 21. Rfd1
a5 22. Be2 a4 23. Nxd6 axb3 24. axb3 Bxb3 25. Rd3 Be6 26. Nxf7 {1/2-1/2 Liss,
E-Tsesarsky,I/6th Tel-Aviv International 1991}) 18... Qxa2 19. Nbc3 Qa5 20. Ra1
Qd8 21. Rxa6 Nd4 22. Ra7 Kh8 23. b4 (23. Ne7 Qb6 24. Ra6 Qb7 25. Ncd5 Qd7 26.
Rfa1 Nxb3 $15 {0-1 Sziraki,T-Vigh,B/Budapest Spring op 1992 (35)}) 23... Nc6
24. Ra4 Rg8 25. b5 Nd4 26. Bd3 Bf8 27. Kh1 Rg6 28. Nxf4 exf4 29. Rxd4 Bg4 $17 {
0-1 Pupo,E-Pina Gonzales,A/CUB-ch 1989 (34)}) 16... Rb8 $1 17. Rd2 (17. b3 Qa5
$11) 17... Nd4 18. Rfd1 (18. Bxa6 f5 19. Bd3 Bxd5 20. exd5 e4 $15) 18... Kh8 (
18... f5 19. Nxf4 Bxc4 20. Nxc4 exf4 21. Rxd4 Bxd4 22. Rxd4 Qe7 23. b3 fxe4 24.
Qd5+ Kh8 25. Rxe4 Qg7 26. h3 $44) 19. b3 f5 20. Nxf4 exf4 (20... Bxc4 21. Ng6+
Kg8 22. Nxf8 Bf7 23. Qxh7+ Kxf8 24. Nc2 Nxc2 25. Rxc2 fxe4 $15) 21. Rxd4 Bxd4
22. Bxe6 (22. Rxd4 Qa5 (22... Qf6 23. Rxd6 Rfe8 24. Rxa6 $14) 23. Qd1 Bxc4 24.
Nxc4 Qxa2 25. Rxd6 fxe4 (25... Qxb3 26. Qd4+ Kg8 27. Qd5+ Rf7 28. Rd8+ Rxd8 29.
Qxd8+ Rf8 30. Qd5+ Kg7 31. Qe5+ Rf6 (31... Kg6 32. exf5+ Rxf5 33. Qe6+ Kg7 34.
Qe7+ $11) 32. Qe7+ $11) 26. Qd4+ Kg8 27. Qd5+ Rf7 28. Qg5+ Kh8 29. Rd8+ Rxd8
30. Qxd8+ Kg7 31. Qg5+ $11) 22... Bc5 23. Bxf5 Rxf5 24. Qxf5 Bxa3 25. Qxf4 Qf8
(25... Qe7 26. f3 $44) 26. Qd2 (26. Qxf8+ Rxf8 27. Kf1 Rc8 28. Ke2 Bb4 29. Rd4
a5 30. Rc4 Rxc4 31. bxc4 $11) 26... Qf6 (26... Bc5) 27. f3 Rb5 28. Qe2 Qe5 (
28... Rh5 29. g3 $11 (29. Qxa6 Bc5+ 30. Kf1 Rxh2 31. Qc8+ Kg7 32. Qd7+ Kh6 $17)
) 29. g3 a5 30. Kg2 Rc5 31. f4 Qe6 (31... Qf6 32. Rd2 Bb4 33. Rc2 $11) 32. Rd4
Bb4 (32... d5 33. Qd3 (33. e5 Qg6 34. Rd3 (34. Qf3 Rc2+ 35. Kh1 Bc5 36. Rxd5
Rc1+ 37. Kg2 Rg1+ 38. Kh3 Qh6+ 39. Kg4 Be7 40. Rd4 Qg6+ 41. Kh3 Qe6+ 42. f5 (
42. Qg4 Qh6+ $19) 42... Qh6+ 43. Rh4 (43. Kg4 Qh4#) 43... Bxh4 44. gxh4 Qd2 45.
e6 Re1 46. Kg4 Kg8 $17) 34... Qe4+ 35. Qxe4 dxe4 36. Rd2 Bc1 37. Re2 e3 38. Kf3
Bd2 39. g4 Rc2 $17) 33... dxe4 34. Rxe4 Qd5 35. Qxd5 Rxd5 36. Kf3 $11) 33. Rc4
d5 34. Rxc5 Bxc5 35. Kf3 (35. e5 Qf5 36. Qb5 Qe4+ 37. Kh3 Bb4 38. Qc6 $11)
35... h5 36. Qc2 Bb6 (36... dxe4+ 37. Qxe4 Qg4+ 38. Kg2 Bb4 39. h3 $11) 37. f5
dxe4+ 38. Qxe4 Qd7 39. Kg2 Kg8 40. Qf3 Qf7 41. g4 $6 (41. h4 $11) 41... hxg4
42. Qxg4+ Kf8 43. Qe4 Qf6 44. Kf3 Qd6 45. Qf4 Qd1+ 46. Kg2 Qc2+ 47. Kf3 Qd3+
48. Kg2 Kf7 (48... Qe2+ 49. Kg3 Kf7 50. h4 (50. Qc4+ Qxc4 51. bxc4 Bc7+ (51...
Kf6 52. Kg4) 52. Kf3 Bxh2 53. Ke4 Kf6 54. a4 Bc7 55. c5 Be5 56. Kd5 Kxf5 57.
Kc6 Ke6 58. Kb6 $11) 50... Be3 51. Qc4+ Qxc4 52. bxc4 Kf6 53. Kg4 $11) 49. Qe5
Qc2+ 50. Kf3 Qc6+ 51. Qe4 Qd6 52. h4 Kf6 53. Qe6+ Qxe6 54. fxe6 Kxe6 55. Ke4
Bc5 56. h5 Bf8 57. Kd4 Kd6 58. Kc4 Kc6 59. h6 1/2-1/2

[Event "Dov Porath Memorial"]
[Site "Givataim"]
[Date "1998.06.01"]
[Round "5"]
[White "Manor, Ilan"]
[Black "Tsesarsky, Ilya"]
[Result "1-0"]
[WhiteElo "2530"]
[BlackElo "2425"]
[Annotator "Tsesarsky,I"]
[PlyCount "75"]
[EventDate "1998.05.10"]
[EventType "swiss"]
[EventRounds "7"]
[EventCountry "ISR"]
[SourceTitle "CBM 065"]
[Source "ChessBase"]
[SourceDate "1998.08.06"]
[SourceVersion "1"]
[SourceVersionDate "1998.08.06"]
[SourceQuality "1"]

1. e4 c5 (1... e6 2. d4 c5 3. Nf3 cxd4 4. Nxd4 Nf6 5. Nc3 Nc6 6. Ndb5 d6 7. Bf4
e5 8. Bg5 a6 9. Na3 b5 10. Bxf6 gxf6 11. Nd5 Bg7 12. c3 f5 13. exf5 Bxf5 14.
Nc2 O-O 15. Nce3 Be6 16. Bd3 f5 17. Qh5 e4 18. Bc2 Ne5 19. Rd1 Ng6 20. g4 f4
21. Nf5 Bxf5 22. gxf5 Nh4 23. Nxf4 (23. f6 Bxf6 24. Bxe4 Ra7 25. Rg1+ Kh8 26.
f3 $16) 23... Qf6 (23... Nxf5 $4 24. Bb3+ {1-0 Fercec,N-Ljubicic,F/Open, Zadar
CRO 1997}) 24. Rg1 $16) 2. Nf3 Nc6 (2... e6 3. d4 cxd4 4. Nxd4 Nf6 5. Nc3 Nc6
6. Ndb5 d6 7. Bf4 e5 8. Bg5 a6 9. Na3 b5 10. Bxf6 gxf6 11. Nd5 f5 12. exf5 Bxf5
13. c3 Bg7 14. Nc2 O-O 15. Nce3 Be6 16. Bd3 f5 17. Qh5 e4 18. Bc2 Ne7 19. Rd1
Ng6 20. g4 Bxd5 21. Nxd5 Nh4 22. Nf4 Qf6 23. Bb3+ Kh8 24. g5 $5 Qxg5 25. Qxg5
Nf3+ 26. Ke2 Nxg5 27. h4 {Ostergaard,J-Sorensen,H/Copenhagen op 1987/1/2-1/2 
(66)} Nf3 28. Ne6 Rfc8 29. Rxd6 $14) 3. d4 cxd4 4. Nxd4 Nf6 5. Nc3 e5 6. Ndb5
d6 7. Bg5 a6 8. Na3 b5 9. Bxf6 gxf6 10. Nd5 f5 11. c3 Bg7 12. exf5 Bxf5 13. Nc2
O-O (13... Ne7 $5 14. Nxe7 (14. Nce3 Be6 15. Nxe7 Qxe7 $11) 14... Bxc2 $11) 14.
Nce3 Be6 15. Bd3 f5 16. Qh5 e4 17. Bc2 Ne7 18. Rd1 Nxd5 (18... Ng6 19. g4 (19.
f4 exf3 20. gxf3 Nh4 21. Bb3 Bf7 22. Nf4 Bxb3 23. axb3 Qe8 (23... Qg5 24. Qxg5
Nxf3+ 25. Ke2 Nxg5 26. Rhg1 $16) 24. Kf2 Ng6 $11 {1-0 Kudrin,S-Kindermann,S/
Beersheba 1984 (37)}) 19... Nh4 20. gxf5 Bxf5 21. Nxf5 Rxf5 22. Qg4 h5 (22...
Qg5 23. Qxg5 Rxg5 24. Ne3 $14) 23. Qh3 Re5 $1 $132 (23... Qg5 24. Ne3 Rf6 25.
Bb3+ Kf8 26. Rd5 Qf4 27. Qg3 Qf3 (27... Nf3+ 28. Ke2 Ne5 29. Qxf4 Rxf4 30. Rxd6
Nd3 31. Nd1 Be5 32. Rg6 Rd8 33. Bc2 Rxf2+ 34. Nxf2 Nf4+ 35. Ke3 Nxg6 36. Bxe4
$16) 28. Rf1 Qxg3 29. fxg3 Nf3+ 30. Ke2 $16 {1-0 Kudrin,S-Rohde,M/USA-ch Estes
Park 1987/EXT 87ch (39)}) (23... Nf3+ 24. Ke2 Re5 25. Ne3 Qf6 26. Bxe4 Rxe4 (
26... Ng5 27. Bd5+ Rxd5 28. Qg2 $18 {1-0 Marques,V-Basrak,S/WchJ-18 Guarapuava
1995 (41)}) 27. Qxf3 Qxf3+ 28. Kxf3 Re6 29. Rd5 $16)) (18... Rc8 19. Bb3 (19.
O-O Rc5 20. Bb3 f4 21. Nxe7+ Qxe7 22. Nd5 Bxd5 (22... Qf7 23. Qxf7+ Rxf7 24.
Rfe1 $16) 23. Bxd5+ Kh8 24. Rfe1 e3 25. Qf3 Bh6 26. Re2 $14) 19... Ng6 20. f4
$2 exf3 $17 {Somlai,L-Bromberger,S/Tavasz 1997/EXP 58/0-1 (64)}) 19. Nxd5 Ra7
$6 (19... Rc8 $1 20. O-O Rc5 21. Bb3 Bxd5 22. Rxd5 (22. Bxd5+ Kh8 23. f3 e3 24.
f4 b4 25. c4 (25. cxb4 Rc2 26. Rfe1 Qb6 27. Kh1 Qxb4 28. Rxe3 Qxf4 29. Rh3 h6
30. Rf3 Qe5 31. Rff1 Rxb2 $11) 25... Bxb2 26. Qe2 Bc3 27. Qxe3 Re8 28. Qh3 Qf6
29. Qh5 Re3 30. Rf3 Bd4 31. Kh1 Qg6 $11) 22... Kh8 23. Kh1 (23. Rfd1 Rxd5 24.
Rxd5 Qf6 $11) 23... Qe7 {1/2-1/2 Mortensen,E-Zadrima,A/Thessaloniki olm 1984})
(19... Bxd5 20. Rxd5 Be5 21. O-O Ra7 22. f4 exf3 23. Rxf3 b4 24. Bxf5 bxc3 25.
bxc3 Kh8 26. g3 $16 {1-0 Bauer,C-Santo Roman,M/FRA-ch 1997 (31)}) 20. O-O Be5
$6 21. f4 $146 (21. f3 Bxd5 (21... e3 22. f4 Rg7 23. fxe5 dxe5 24. Bb3 $18 {
1-0 Martinez,F-Gastanares,J/San Sebastian op 1995 (32)}) 22. Rxd5 Qb6+ 23. Kh1
Qe3 24. fxe4 Rf6 25. Qe8+ Kg7 26. exf5 $18 {1/2-1/2 Casa,A-Del Rio,R/Lugano op
1989 (34)}) 21... exf3 (21... Bg7 $5 22. Bb3 (22. g4 Raf7 $15) 22... a5 23. a3
a4 24. Ba2 Qe8 25. Qg5 Kh8 26. Rfe1 Qg6 27. Qh4 $14) 22. Rxf3 f4 $4 (22... Raf7
$1 $14) (22... Bxd5 23. Rxd5 f4 24. Rh3 Qb6+ 25. Kf1 Rff7 26. Bxh7+ $18) 23.
Bxh7+ $18 Rxh7 24. Qg6+ Kh8 25. Qxe6 Qg5 26. Rdf1 $1 (26. Rh3 f3 27. Rxh7+ (27.
g3) 27... Kxh7 28. Qh3+ Kg8 29. Kh1 fxg2+ 30. Qxg2 Qxg2+ 31. Kxg2 $16) 26...
Rg8 27. R1f2 Qh5 (27... Qh4 28. h3 $18) 28. Ne7 $1 (28. Rh3 $2 Qxh3 29. Qxg8+
Kxg8 30. gxh3 Rh4 31. Kg2 Kf7 32. Kf3 Ke6 $14) (28. h3 Re8 29. Qg4 Qxg4 (29...
Qf7 30. Nxf4 Rg8 31. Qe6 $18) 30. hxg4 Rg8 31. Nxf4 Rxg4 32. Ne6 $18) 28...
Qxh2+ 29. Kf1 Rg5 (29... Rxe7 30. Rh3+ Qxh3 31. Qxh3+ Rh7 32. Qf3 $18) (29...
Qh1+ 30. Ke2 Rxe7 (30... Rxg2 31. Qc8+ Kg7 32. Qg8+ Kf6 33. Nd5+ Kf5 34. Qxg2
$18) 31. Rh3+ Qxh3 32. Qxh3+ $18) 30. Qc8+ Kg7 31. Qg8+ Kf6 (31... Kh6 32. Rh3+
Qxh3 33. Qf8+ Rhg7 (33... Bg7 34. Ng8+ Kh5 35. Qf7+ $18) 34. gxh3 $18) 32. Nd5+
Kf5 33. g4+ $1 Ke4 34. Qe6 (34. Nf6+ Bxf6 35. Rxf4+ Ke3 (35... Qxf4 36. Qxh7+
Ke5 37. Rxf4 Kxf4 38. Qa7 $18) 36. R4f3+ Ke4 37. Qa8+ d5 38. Rxh2 Rxh2 39. Rxf6
$18) 34... Qh1+ 35. Ke2 Qxf3+ 36. Rxf3 Rh2+ 37. Rf2 f3+ 38. Ke1 1-0